Principios de administración responsable: sostenibilidad, responsabilidad y ética glocales (Registro nro. 12038)

Detalles MARC
000 -Cabecera
Campo de control de longitud fija 01971nam a22005897a 4500
005 - Fecha y hora de la última transacción
Campo de control 20250704162152.0
008 - Elementos de longitud fija--Información general
Campo de control de longitud fija 190611b2017 xxu||||| |||| 00| 0 spa d
020 ## - International Standard Book Number
Número Internacional Estándar del Libro (ISBN) 9781285080260
041 ## - Idioma
Código de idioma Español
082 ## - Clasificación Decimal Dewey
Número de clasificación 658.408 L111p
100 ## - Entrada principal--Autor personal
Nombre personal Laasch, Oliver
9 (RLIN) 54281
100 ## - Entrada principal--Autor personal
Nombre personal Conaway, Roger
9 (RLIN) 54282
245 ## - Título propiamente dicho
Título Principios de administración responsable: sostenibilidad, responsabilidad y ética glocales
260 ## - Pie de imprenta
Lugar de publicación, distribución, etc. México
260 ## - Pie de imprenta
Nombre del editor, distribuidor, etc. Cengage Learning
260 ## - Pie de imprenta
Fecha de publicación, distribución, etc. 2017
300 ## - Descripción física
Extensión 556 páginas
490 ## - Serie
Título de la Serie Dirección y Administración de Empresas
505 ## - Nota de contenido
Nota de contenido Parte I. Fundamentos<br/>Parte II. Dominios<br/>Parte III. Planeación<br/>Parte IV. Organización<br/>Parte V. Dirección<br/>Parte VI. Control
650 ## - Materia general
Temática (materia general) RESPONSABILIDAD SOCIAL DE LA GERENCIA EJECUTIVA
650 ## - Materia general
Temática (materia general) MANEJO DE LA SEGURIDAD
650 ## - Materia general
Temática (materia general) ADMINISTRACIÓN RESPONSABLE
650 ## - Materia general
Temática (materia general) MEGATENDENCIA
650 ## - Materia general
Temática (materia general) SOSTENIBILIDAD
650 ## - Materia general
Temática (materia general) RESPONSABILIDAD EMPRESARIAL
650 ## - Materia general
Temática (materia general) ÉTICA EMPRESARIAL
650 ## - Materia general
Temática (materia general) EVOLUCIÓN DEL PENSAMIENTO ADMINISTRATIVO
650 ## - Materia general
Temática (materia general) ADMINISTRADOR RESPONSABLE
650 ## - Materia general
Temática (materia general) SOSTENIBILIDAD EMPRESARIAL
650 ## - Materia general
Temática (materia general) ADMINISTRACIÓN DE LA SOSTENIBILIDAD
650 ## - Materia general
Temática (materia general) ADMINISTRACIÓN DE LA EXCELENCIA MORAL
650 ## - Materia general
Temática (materia general) HERRAMIENTAS DE ADMINISTRACIÓN ÉTICA DEPARTAMENTAL
650 ## - Materia general
Temática (materia general) COMPETITIVIDAD RESPONSABLE
650 ## - Materia general
Temática (materia general) ANÁLISIS FODA
650 ## - Materia general
Temática (materia general) INICIATIVA EMPRESARIAL SOCIAL
650 ## - Materia general
Temática (materia general) INFRAESTRUCTURA RESPONSABLE
650 ## - Materia general
Temática (materia general) ESTRUCTURA ORGANIZACIONAL
650 ## - Materia general
Temática (materia general) EMPRESA RESPONSABLE|
650 ## - Materia general
Temática (materia general) INNOVACIÓN
650 ## - Materia general
Temática (materia general) SIX SIGMA
650 ## - Materia general
Temática (materia general) CADENA DE SUMISTRO
650 ## - Materia general
Temática (materia general) PLANEACIÓN
650 ## - Materia general
Temática (materia general) RECURSOS HUMANOS
650 ## - Materia general
Temática (materia general) RECLUTAMIENTO
650 ## - Materia general
Temática (materia general) ADMINISTRACIÓN DEL DESEMPEÑO
650 ## - Materia general
Temática (materia general) MERCADOTECNIA
650 ## - Materia general
Temática (materia general) GLOBALIZACIÓN
650 ## - Materia general
Temática (materia general) CONTABILIDAD
650 ## - Materia general
Temática (materia general) FINANZAS
650 ## - Materia general
Temática (materia general) CADENA DE SUMINISTRO
942 ## - Punto de acceso adicional KOHA
Tipo de ítem KOHA Libro
Fuente del sistema de clasificación o colocación Dewey Decimal Classification
Existencias
Signatura completa Código de barras Programa Académico Tipo de ítem
658.408 L111p 24377 Dirección y Administración de Empresas Libro
658.408 L111p 24378 Dirección y Administración de Empresas Libro